Statistics for Groups of Five Quiz #2

Click here to take the quiz!

General Stats

  • This quiz has been taken 78,406 times
    (42,433 since last reset)
  • The average score is 40 of 60

Answer Stats

Group Answer % Correct
Basic Tastes/FlavorsSweet
95%
Nordic CountriesSweden
93%
Nordic CountriesNorway
93%
Simpson FamilyBart
92%
Nordic CountriesFinland
91%
Simpson FamilyHomer
90%
Nordic CountriesDenmark
89%
Major Circles of LatitudeTropic of {Cancer}
86%
Basic Tastes/FlavorsSour
85%
Big 5 African Game AnimalsLion
85%
U.S. Gulf Coast StatesFlorida
85%
Nordic CountriesIceland
85%
Simpson FamilyMarge
85%
Simpson FamilyLisa
83%
Major Circles of LatitudeTropic of {Capricorn}
82%
Big 5 African Game AnimalsAfrican Elephant
82%
U.S. Gulf Coast StatesTexas
80%
Basic Tastes/FlavorsSalty
79%
Major Circles of Latitude{Arctic} Circle
79%
Permanent UN Security CouncilUnited States
78%
Permanent UN Security CouncilUnited Kingdom
77%
Major Circles of LatitudeEquator
76%
Permanent UN Security CouncilFrance
75%
Simpson FamilyMaggie
75%
Permanent UN Security CouncilRussia
74%
U.S. Gulf Coast StatesLouisiana
73%
Traditional Chinese ElementsFire
73%
Big 5 Academy AwardsBest Actor
73%
Traditional Chinese ElementsWater
72%
Basic Tastes/FlavorsBitter
72%
Major Circles of Latitude{Antarctic} Circle
71%
Permanent UN Security CouncilChina
70%
Traditional Chinese ElementsEarth
70%
U.S. Gulf Coast StatesAlabama
70%
Big 5 Academy AwardsBest Actress
70%
U.S. Gulf Coast StatesMississippi
68%
Big Mediterranean IslandsSicily
67%
Big Mediterranean IslandsCyprus
67%
Big 5 African Game AnimalsRhinoceros
66%
Five W's of JournalismWhy
65%
Five W's of JournalismWhen
65%
Five W's of JournalismWho
65%
Five W's of JournalismWhere
65%
Five W's of JournalismWhat
64%
Big 5 Academy AwardsBest Director
61%
Big Mediterranean IslandsCrete
52%
Basic Tastes/FlavorsUmami
52%
Big 5 Academy AwardsBest Picture
50%
1960s Rat Pack MembersFrank Sinatra
49%
Big Mediterranean IslandsSardinia
46%
Big Mediterranean IslandsCorsica
45%
Big 5 Academy AwardsBest Screenplay
35%
1960s Rat Pack MembersSammy Davis, Jr.
34%
1960s Rat Pack MembersDean Martin
34%
Big 5 African Game AnimalsLeopard
33%
Big 5 African Game AnimalsCape Buffalo
31%
Traditional Chinese ElementsMetal
18%
Traditional Chinese ElementsWood
17%
1960s Rat Pack MembersPeter Lawford
11%
1960s Rat Pack MembersJoey Bishop
10%

Score Distribution

Percentile by Number Answered

Percent of People with Each Score

Your Score History

You have not taken this quiz since the last reset